Considérations générales sur l'application de la loi du 5 juin 1875, relatives aux diverses réformes pénitentiaires (Record no. 151622)

MARC details
000 -LEADER
campo de control de longitud fija 00806nam a2200157 i 4500
001 - NÚMERO DE CONTROL
campo de control 151622
003 - IDENTIFICADOR DE NÚMERO DE CONTROL
campo de control ES-MaACL
005 - FECHA Y HORA DE LA ÚLTIMA TRANSACCIÓN
campo de control 20230906204310.0
008 - DATOS DE LONGITUD FIJA--INFORMACIÓN GENERAL
campo de control de longitud fija 040929s1879 fr |||| | fre d
100 1# - ENTRADA PRINCIPAL--NOMBRE DE PERSONA
Nombre de persona Auberge, P.-J.-F.
9 (RLIN) 125742
245 10 - MENCIÓN DEL TÍTULO
Título Considérations générales sur l'application de la loi du 5 juin 1875, relatives aux diverses réformes pénitentiaires
Resto del título : dédiées à la Commission de Surveillance des Prisons civiles de Perpignan /
Mención de responsabilidad, etc. par P.-J.-F. Auberge.
260 ## - PUBLICACIÓN, DISTRIBUCIÓN, ETC.
Lugar de publicación, distribución, etc. Perpignan :
Nombre del editor, distribuidor, etc. [s.n.],
Fecha de publicación, distribución, etc. 1879 (
Fabricante Typ. de Charles Latrobe)
300 ## - DESCRIPCIÓN FÍSICA
Extensión 24 p. ;
Dimensiones 22 cm.
650 ## - PUNTO DE ACCESO ADICIONAL DE MATERIA--TÉRMINO DE MATERIA
Término de materia o nombre geográfico como elemento de entrada Derecho penitenciario-
Subdivisión geográfica Francia.
9 (RLIN) 141896
852 ## - LOCALIZACIÓN
Ubicación ES-MaACL
Número de control de estantería D-260(7)
Nota libre - Enc. pasta española
-- .- Donativo Lastres
-- - Enc. en un vol. facticio, formando parte de la col. facticia "Estudios penitenciarios", n. 6
Holdings
Estatus retirado Estado de pérdida Estado de daño No para préstamo Colección Biblioteca de origen Biblioteca actual Ubicación en estantería Fecha de adquisición Total de préstamos Signatura topográfica completa Código de barras Visto por última vez Precio de reemplazo Tipo de ítem Koha
        Libros del s. XIX Biblioteca del Ateneo de Madrid Biblioteca del Ateneo de Madrid Sala Valle Inclán 17/01/2008   D-260(7) 901158231 23/02/2023 23/02/2023 Libro impreso antiguo